Manufacturing processes for engineering materials (Record no. 116030)

MARC details
000 -LEADER
fixed length control field 00256 a2200109 4500
020 ## - INTERNATIONAL STANDARD BOOK NUMBER
International Standard Book Number 9789353062910
100 ## - MAIN ENTRY--PERSONAL NAME
Personal name Serope Kalpakjian
245 ## - TITLE STATEMENT
Title Manufacturing processes for engineering materials
250 ## - EDITION STATEMENT
Edition statement 6th
260 ## - PUBLICATION, DISTRIBUTION, ETC. (IMPRINT)
Name of publisher, distributor, etc Pearson
Date of publication, distribution, etc 2024
942 ## - ADDED ENTRY ELEMENTS (KOHA)
Koha item type On order/under processing
Holdings
Withdrawn status Lost status Damaged status Not for loan Home library Current library Date acquired Source of acquisition Cost, normal purchase price Total Checkouts Barcode Date last seen Cost, replacement price Price effective from Koha item type
        University Library University Library 18/03/2026 146 996.00   00098104 18/03/2026 1245.00 18/03/2026 On order/under processing
University Library, CUSAT